000 00528nam a2200193 a 4500
001 1770285653016
003 YourLibrary
005 20260205153743.0
008 260205s2009##################000#0#eng##
020 _a9780840049209
082 0 4 _a333.332MUN
100 1 _aMunizzo, Mark A.,
_eauthor.
245 1 0 _aResidential Site Valuation and Cost Approach :
260 _bSouth-Western Pub,
_c2009.
300 _a208 pages
650 0 _aBusiness & Economics.
942 _cENGLISH
040 _aYourLibrary
_beng
_cYourLibrary
999 _c610488
_d610488